Islamic Education, BA BSc B Com BBA MBA, Engineering, MBBS PCS and CSS (Record no. 30083)
[ view plain ]
| 000 -LEADER | |
|---|---|
| fixed length control field | 00419 a2200121 4500 |
| 003 - CONTROL NUMBER IDENTIFIER | |
| control field | NUST |
| 005 - DATE AND TIME OF LATEST TRANSACTION | |
| control field | 20180118121243.0 |
| 008 - FIXED-LENGTH DATA ELEMENTS--GENERAL INFORMATION | |
| fixed length control field | 180118b xxu||||| |||| 00| 0 eng d |
| 020 ## - INTERNATIONAL STANDARD BOOK NUMBER | |
| International Standard Book Number | - |
| 082 ## - DEWEY DECIMAL CLASSIFICATION NUMBER | |
| Classification number | 297.071 BUK |
| 100 ## - MAIN ENTRY--PERSONAL NAME | |
| Personal name | Bukhari, A. S. |
| 9 (RLIN) | 8683 |
| 245 ## - TITLE STATEMENT | |
| Title | Islamic Education, BA BSc B Com BBA MBA, Engineering, MBBS PCS and CSS |
| Statement of responsibility, etc. | A. S. Bukhari, M. D. Zafar, Dr. M. Yahya, Prof. Abdul Sattar Shakir, Hafiz Aitbar Khan, Z. S. Bukhari |
| 250 ## - EDITION STATEMENT | |
| Edition statement | 2009 |
| 260 ## - PUBLICATION, DISTRIBUTION, ETC. | |
| Place of publication, distribution, etc. | Lahore |
| Date of publication, distribution, etc. | Aziz Book Depot |
| 942 ## - ADDED ENTRY ELEMENTS (KOHA) | |
| Institution code [OBSOLETE] | SNS |
| Koha item type | Book |
| Call number prefix | 297.071 BUK |
| Source of classification or shelving scheme | |
| Withdrawn status | Lost status | Damaged status | Not for loan | Permanent Location | Current Location | Date acquired | Total Checkouts | Full call number | Barcode | Date last seen | Date last checked out | Price effective from | Koha item type |
|---|---|---|---|---|---|---|---|---|---|---|---|---|---|
| School of Natural Sciences (SNS) | School of Natural Sciences (SNS) | 05/26/2016 | 1 | 297.071 BUK | SNS0001778 | 11/11/2019 | 10/16/2019 | 05/26/2016 | Book | ||||
| School of Natural Sciences (SNS) | School of Natural Sciences (SNS) | 05/26/2016 | 297.071 BUK | SNS0001777 | 05/26/2016 | 05/26/2016 | Book |
